| 000 | 01275cab a2200265 4500 | ||
|---|---|---|---|
| 001 | ABS58160 | ||
| 008 | 090401t1998 xxu||||| |||| 00| 0 eng d | ||
| 035 | _a(Sirsi) u83329 | ||
| 041 | _aeng | ||
| 245 | _aHillingdon LBC v ARC Ltd | ||
| 260 | _c1998 | ||
| 350 | _a0 | ||
| 490 |
_aWeekly Law Reports _v[1998] 1 WLR 174-191(18) |
||
| 520 | _aChD 12 June 1997. Compensation for compulsory purchase resulting from the entry by an acquiring authority on land pursuant to Compulsory Purchase Act 1965 s11, even if it has not been quantified, is a `sum recoverable by virtue of an enactment` within the Limitation Act 1980 s9, and a cause of action to recover it accrues at the time of entry. Where, therefore, a claim for compensation was submitted more than six years after the acquiring authority`s entry on the land. Held, claim statute-barred. (Taken from headnote). | ||
| 650 | _aACCRUAL | ||
| 650 | _aCAUSE OF ACTION | ||
| 650 | _aCOMPULSORY PURCHASE ACT 1965 | ||
| 650 |
_aCompulsory purchase _96228 |
||
| 650 | _aDELAYED ACTION | ||
| 650 | _aHILLINGDON LBC V ARC LTD | ||
| 650 | _aLIMITATION ACT 1980 | ||
| 690 | _aENVIRONMENTAL AND LAND CONSULTANCY-PLANNING AND DEVELOPMENT-COMPULSORY PURCHASE AND COMPENSATION | ||
| 942 | _n0 | ||
| 948 | _c27/01/1998 | ||
| 999 |
_c52620 _d52620 |
||